| 000 | 01962nam a2200385 c 4500 | ||
|---|---|---|---|
| 003 | BLK | ||
| 005 | 20250425125254.0 | ||
| 008 | 180410b bul|||||r ||||||| ||bul|| | ||
| 010 | _aKNG00168076000 | ||
| 020 |
_a978-954-535-695-7 _bиздат.: Нов бълг. унив. |
||
| 040 | _aBLK | ||
| 041 |
_aBUL _cBUL |
||
| 072 | 7 |
_2bullib _aН15 _xПсихология Н |
|
| 080 |
_aПсихология на детската възраст. Интелектуално развитие на децата. Психически особености. Детски представи, описани в разкази _b159.922.7 _x _z159.922.7 |
||
| 100 | 1 |
_aСтанкова, Маргарита Димитрова _eпърви автор _9372614 |
|
| 139 |
_aСтанкова, Маргарита Димитрова _bС 69 |
||
| 245 | 1 | 0 |
_aКлинични и социални аспекти на поведенческите проблеми в предучилищна възраст _cМаргарита Димитрова Станкова. |
| 257 | _aBGR | ||
| 260 |
_аСофия _bНов бълг. унив. _c2012 _fСофия : Аскони-издат |
||
| 300 |
_a260 с. _bс табл., сх. _c20 см |
||
| 380 | _a1 | ||
| 500 | _aСъдържа и за авт. - Речник на клинични термини: с. 256-260. - Библиогр. с. 228-255. | ||
| 650 | 4 |
_aПредучилищно възпитание _9241578 |
|
| 650 | 4 |
_aДетска и педагогическа психология _9244538 |
|
| 653 | _aдетска психология | ||
| 653 | _aповеденческа психология | ||
| 653 | _aпредучилищна възраст | ||
| 659 | _aН | ||
| 852 | _aЦб 271669 | ||
| 856 | 4 |
_qpdf _u |
|
| 856 | 4 |
_qpdf _u |
|
| 942 |
_cKNG _n0 _02 |
||
| 944 |
_aCR _c01.12.2014 _lМинев Младен _k30530 |
||
| 944 |
_aED _c07.11.2016 _lф / _kЛюдмила_Стоянова |
||
| 999 |
_c160793 _d160793 |
||